[Event "Druzynowe Mistrzostwa Polski - II liga"]
[Site "Dom Wczasowy VIS Jastrzebia Gora"]
[Date "1899-12-30"]
[Round "2.114"]
[White "Giefert, Sara"]
[Black "Gonsior, Monika"]
[Result "0-1"]
[WhiteTitle "I++"]
[BlackTitle "m"]
[WhiteElo "1682"]
[BlackElo "1941"]

1. d4 Nf6 2. Bg5 b6 3. Bxf6 exf6 4. e4 Bb7 5. Bd3 f5 6. Qe2 Be7 7. Nd2 O-O 8. O-O-O
fxe4 9. Bxe4 d5 10. Bf5 g6 11. Bh3 Bf6 12. Ngf3 c5 13. Rhe1 Nc6 14. dxc5 bxc5
15. Nb3 Qb6 16. c3 a5 17. Qe3 d4 18. cxd4 cxd4 19. Nbxd4 Nb4 20. Kb1 Bd5 21. Nb3
Qb7 22. a3 Nc2 23. Kxc2 Bxb3+ 24. Kd2 Rfd8+ 25. Ke2 Bc4+ 0-1

[Event "Druzynowe Mistrzostwa Polski - II liga"]
[Site "Dom Wczasowy VIS Jastrzebia Gora"]
[Date "1899-12-30"]
[Round "2.115"]
[White "Golenia, Wojciech"]
[Black "Gierulski, Kamil"]
[Result "1/2-1/2"]
[WhiteTitle "k+"]
[BlackTitle "k++"]
[WhiteElo "2175"]
[BlackElo "2247"]

1. e4 e5 2. Nf3 Nf6 3. Nxe5 d6 4. Nf3 Nxe4 5. Nc3 Nxc3 6. dxc3 Be7 7. Be3 Nc6 8.
Qd2 Be6 9. O-O-O Qd7 10. Bd3 Bf6 11. Rhe1 O-O-O 12. Bg5 Bxg5 13. Qxg5 Rdg8 14.
Bb5 a6 15. Ba4 h6 16. Qe3 b5 17. Bb3 Bxb3 18. axb3 Re8 19. Qf4 Kb7 20. c4 Rxe1
21. Rxe1 Re8 22. Rd1 g5 23. Qf6 Qe6 24. Qc3 g4 25. Nd4 Nxd4 26. Qxd4 Qe4 27. Qd5+
Qxd5 28. cxd5 Re2 29. Rd2 Re1+ 30. Rd1 Re2 31. Rd2 Re1+ 1/2-1/2

[Event "Druzynowe Mistrzostwa Polski - II liga"]
[Site "Dom Wczasowy VIS Jastrzebia Gora"]
[Date "1899-12-30"]
[Round "2.116"]
[White "Babiarz, Arkadiusz"]
[Black "Golenia, Jan"]
[Result "0-1"]
[WhiteTitle "I++"]
[BlackTitle "k"]
[WhiteElo "1938"]
[BlackElo "2113"]

1. e4 e5 2. Nf3 Nc6 3. Bc4 Nf6 4. Ng5 d5 5. exd5 Na5 6. Bb5+ c6 7. dxc6 bxc6 8.
Bd3 h6 9. Ne4 Nd5 10. O-O Nf4 11. Be2 Be7 12. Bf3 f5 13. Ng3 O-O 14. d3 Rb8 15.
Bd2 Qc7 16. Qe1 Nb7 17. Bc3 Bd6 18. Nd2 Be6 19. Nb3 Ng6 20. Qe2 Nh4 21. Rfe1 Nxf3+
22. Qxf3 Rbe8 23. Rad1 Nd8 24. Ba5 Qc8 25. c4 c5 26. Bc3 Nc6 27. Nf1 Kh8 28. Na5
Bd7 29. Ne3 f4 30. Nd5 Nxa5 31. Bxa5 Bg4 32. Qe4 Bxd1 33. Rxd1 f3 34. Bd2 fxg2
35. Kxg2 Rf5 36. Rg1 Ref8 37. Be3 Qe8 38. Kh1 Qf7 39. Qg4 Kh7 40. Nc3 Rh5 41.
Ne4 Be7 42. Rg3 Rh4 43. Qe2 Rc8 44. Qf3 Qxf3+ 45. Rxf3 Kg6 46. Kg2 Rc6 47. h3
Rb6 48. b3 Ra6 49. a4 Rc6 50. Kg3 Rh5 51. Kg4 Rh4+ 52. Kg3 Rh5 53. Kg4 Rc8 54.
Nc3 Rb8 55. Nd5 Bd6 56. b4 cxb4 57. c5 Bxc5 58. Bxc5 Rg5+ 59. Kh4 b3 60. Rg3 b2
61. Nc3 Rb3 62. Nb1 Rxg3 63. Kxg3 Rxd3+ 64. Kg2 Rd1 65. Nc3 Rc1 66. Ba3 Rxc3 67.
Bxb2 Rc4 0-1

[Event "Druzynowe Mistrzostwa Polski - II liga"]
[Site "Dom Wczasowy VIS Jastrzebia Gora"]
[Date "1899-12-30"]
[Round "2.117"]
[White "Krawczyk, Wojciech"]
[Black "Ziemniak, Piotr"]
[Result "1-0"]
[WhiteTitle "I++"]
[BlackTitle "I+"]
[WhiteElo "1973"]
[BlackElo "1816"]

1. c4 d6 2. g3 g6 3. Bg2 Bg7 4. Nc3 Nf6 5. Rb1 c6 6. e3 e5 7. Nge2 Bf5 8. d3 Na6
9. O-O O-O 10. e4 Bd7 11. h3 Ne8 12. f4 f5 13. Be3 Nf6 14. Qb3 Qc8 15. Kh2 c5
16. Nb5 Bxb5 17. cxb5+ c4 18. Qxc4+ Qxc4 19. dxc4 Nb4 20. exf5 Nc2 21. Bg1 Nd4
22. Nxd4 exd4 23. fxg6 hxg6 24. Bxb7 Rab8 25. Bc6 Kh7 26. Rbd1 Ng8 27. Bxd4 Ne7
28. Bxg7 Kxg7 29. Rxd6 Nf5 30. Rd7+ Kh8 31. Re1 a6 32. g4 Nh4 33. Kg3 g5 34. Ree7
Rfd8 35. Rh7+ 1-0

[Event "Druzynowe Mistrzostwa Polski - II liga"]
[Site "Dom Wczasowy VIS Jastrzebia Gora"]
[Date "1899-12-30"]
[Round "2.118"]
[White "Wasik, Roman"]
[Black "Cichon, Jakub"]
[Result "0-1"]
[WhiteTitle "I"]
[BlackTitle "I+"]
[WhiteElo "1387"]
[BlackElo "1940"]

1. Nf3 Nf6 2. c4 e6 3. d4 b6 4. a3 Bb7 5. Nc3 d5 6. e3 g6 7. Bd3 Bg7 8. O-O O-O
9. Rb1 dxc4 10. Bxc4 Qe7 11. Qe2 Nbd7 12. e4 c5 13. Bg5 h6 14. Bh4 g5 15. Bg3
g4 16. Ne5 cxd4 17. Nb5 Nxe4 18. Qxg4 Nxg3 19. Nxd7 Nxf1 20. Nxf8 Qxf8 21. Bxf1
e5 22. Rc1 a6 23. Rc7 Bd5 24. Qd7 Rd8 25. Qf5 axb5 26. Bd3 e4 27. Bxb5 d3 28.
f3 d2 29. Ba4 e3 30. Qd3 Bc6 0-1

[Event "Druzynowe Mistrzostwa Polski - II liga"]
[Site "Dom Wczasowy VIS Jastrzebia Gora"]
[Date "1899-12-30"]
[Round "2.119"]
[White "Cichon, Bartlomiej"]
[Black "Wozniak, Grzegorz"]
[Result "1-0"]
[WhiteTitle "I"]
[BlackTitle "I"]
[WhiteElo "1984"]
[BlackElo "1579"]

1. e4 c5 2. Nf3 Nc6 3. d4 cxd4 4. Nxd4 d6 5. Nc3 Nf6 6. Bc4 g6 7. f3 Bg7 8. Be3
O-O 9. Qd2 a6 10. O-O-O Qc7 11. Bb3 Na5 12. Kb1 Nc4 13. Bxc4 Qxc4 14. g4 Be6 15.
h4 b5 16. Nxe6 Qxe6 17. h5 Rac8 18. Nd5 Nxd5 19. exd5 Qe5 20. c3 f5 21. hxg6 hxg6
22. Bd4 Qg3 23. Rdg1 Qxf3 24. Qh2 Kf7 25. Bxg7 Kxg7 26. Qh7+ Kf6 27. g5+ Ke5 28.
Qxe7+ Kxd5 29. Rd1+ Kc4 30. Rd4+ Kc5 31. Qxd6# 1-0

[Event "Druzynowe Mistrzostwa Polski - II liga"]
[Site "Dom Wczasowy VIS Jastrzebia Gora"]
[Date "1899-12-30"]
[Round "2.120"]
[White "Tokarz, Izabela"]
[Black "Czarnecka, Lidia"]
[Result "0-1"]
[WhiteTitle "I++"]
[BlackTitle "k"]
[WhiteElo "1821"]
[BlackElo "1957"]

1. d4 d5 2. c4 c6 3. Nf3 Nf6 4. Nc3 e6 5. e3 Nbd7 6. Bd3 dxc4 7. Bxc4 b5 8. Bd3
a6 9. e4 c5 10. d5 c4 11. dxe6 fxe6 12. Bc2 Qc7 13. Nd4 Nc5 14. Qe2 Bd6 15. h3
O-O 16. O-O Bb7 17. a3 Rad8 18. Nf3 Nfd7 19. Bg5 Rde8 20. Rad1 Ne5 21. Ne1 Ng6
22. Qg4 Be5 23. Nf3 Bxc3 24. bxc3 Nf4 25. Rfe1 Nfd3 26. Re2 e5 27. Bxd3 cxd3 28.
Re3 Bc8 29. Qh4 Be6 30. Ne1 Bc4 31. Qg4 Qc6 32. Nf3 h6 33. Bh4 Rf4 34. Qh5 Bf7
35. Qxe5 Rxe5 36. Nxe5 Qe6 37. Nf3 Rxe4 38. Rxe4 Qxe4 39. Re1 Qxe1+ 0-1

[Event "Druzynowe Mistrzostwa Polski - II liga"]
[Site "Dom Wczasowy VIS Jastrzebia Gora"]
[Date "1899-12-30"]
[Round "2.121"]
[White "Jakubowski, Jaroslaw"]
[Black "Cichy, Kamil"]
[Result "0-1"]
[WhiteTitle "k"]
[BlackTitle "k+"]
[WhiteElo "2103"]
[BlackElo "2195"]

1. e4 c5 2. Nf3 d6 3. d4 cxd4 4. Nxd4 Nf6 5. Nc3 Nc6 6. f4 e5 7. Nf3 Bg4 8. h3
Bxf3 9. Qxf3 Nd4 10. Qd1 Qb6 11. Bd3 Be7 12. Ne2 Nd7 13. Nxd4 Bh4+ 14. Ke2 exd4
15. Kf3 O-O 16. g3 Bf6 17. h4 Rfe8 18. g4 Qc6 19. g5 Bd8 20. Re1 f5 21. gxf6 Bxf6
22. Qe2 d5 23. e5 a6 24. Bd2 Nc5 25. Kg3 Bd8 26. Qf3 Nxd3 27. Qxd3 Qh6 28. Rh1
Rc8 29. Rac1 Rc6 30. h5 Qe6 31. Qxd4 Rc4 32. Qd3 Bb6 33. c3 Rf8 34. Rce1 Rf5 35.
Rh4 Bd8 36. Rhh1 Bb6 37. b3 Rg5+ 38. fxg5 Qg4+ 39. Kh2 Qh4+ 40. Kg2 Qf2+ 41. Kh3
Rh4# 0-1

[Event "Druzynowe Mistrzostwa Polski - II liga"]
[Site "Dom Wczasowy VIS Jastrzebia Gora"]
[Date "1899-12-30"]
[Round "2.122"]
[White "Wolynski, Krzysztof"]
[Black "Wloch, Mikolaj"]
[Result "1-0"]
[WhiteTitle "k"]
[BlackTitle "I"]
[WhiteElo "2069"]
[BlackElo "1822"]

1. d4 d5 2. c4 e6 3. Nc3 Nf6 4. Bg5 Be7 5. e3 O-O 6. Nf3 h6 7. Bh4 c6 8. Bd3 dxc4
9. Bxc4 Nbd7 10. O-O b5 11. Bb3 b4 12. Na4 Ba6 13. Re1 c5 14. Rc1 Rc8 15. dxc5
Nxc5 16. Nxc5 Bxc5 17. Qxd8 Rfxd8 18. Bxf6 gxf6 19. Rc2 Bd3 20. Rd2 Be4 21. Rc1
Bb6 22. Rxc8 Rxc8 23. Ne1 Rc1 24. Rd1 Rxd1 25. Bxd1 Bd5 26. b3 a5 27. Kf1 Kf8
28. Bf3 Bxf3 29. Nxf3 Ke7 30. Ke2 Kd6 31. Kd3 f5 32. Nd2 Bc7 33. Kd4 e5+ 34. Kc4
Kc6 35. Nf3 h5 36. h3 Kd6 37. Nh4 Ke6 38. Nf3 Bd8 39. Kc5 Be7+ 40. Kc6 Bd8 41.
Nd2 f4 42. e4 f5 43. f3 fxe4 44. fxe4 Kf6 45. Kd6 Be7+ 46. Kd7 Bc5 47. Nf3 Bb6
48. Kd6 Bd8 49. Kd7 Bb6 50. Kc6 Bd8 51. Kb5 Bc7 52. Kc5 Bd8 53. Kd5 Bc7 54. h4
Bb8 55. Nd2 Ba7 56. Nc4 f3 57. gxf3 Bf2 58. Nxe5 Bxh4 59. Nc6 Bg5 60. Nd4 h4 61.
e5+ Kg6 62. Ke4 h3 63. Ne2 h2 64. Ng3 Bh4 65. Nh1 Kg5 66. f4+ Kg4 67. e6 Be7 68.
Ke5 Kf3 69. f5 Kg2 70. f6 Bxf6+ 71. Kxf6 Kxh1 72. e7 Kg1 73. e8=Q h1=Q 74. Qe1+
Kg2 75. Qxh1+ Kxh1 76. Ke5 Kg2 77. Kd5 Kf3 78. Kc5 Ke4 79. Kb5 Kd5 80. Kxa5 Kc5
81. Ka4 1-0

[Event "Druzynowe Mistrzostwa Polski - II liga"]
[Site "Dom Wczasowy VIS Jastrzebia Gora"]
[Date "1899-12-30"]
[Round "2.123"]
[White "Olszewski, Marek"]
[Black "Miszczak, Dariusz"]
[Result "0-1"]
[WhiteTitle "k+"]
[BlackTitle "I+"]
[WhiteElo "1980"]
[BlackElo "1998"]

1. e4 c5 2. Nf3 d6 3. d4 Nf6 4. Nc3 cxd4 5. Qxd4 Nc6 6. Bb5 Bd7 7. Bxc6 bxc6 8.
e5 Ng8 9. exd6 exd6 10. O-O h6 11. Re1+ Be6 12. Bf4 Nf6 13. Rad1 d5 14. Qa4 Rc8
15. Ne5 Qb6 16. Nxd5 Nxd5 17. Rxd5 Qb4 18. Qxb4 Bxb4 19. Rdd1 Bxe1 20. Rxe1 O-O
21. b3 Rfd8 22. h3 Rd5 23. Nf3 a6 24. c4 Rdd8 25. Re5 Rd1+ 26. Kh2 g5 27. Be3
Rcd8 28. Bb6 R8d6 29. Bc5 R6d3 30. Be3 Ra1 31. Ra5 Bc8 32. Ne5 Rd6 33. Bc5 Re6
34. Bd4 Rd1 35. Be3 f6 36. Nf3 Red6 37. Ra4 Kf7 38. Rb4 Ke6 39. Rb8 Kd7 40. c5
R6d5 41. Rb4 f5 42. g3 Ra1 43. a4 Rb1 44. Nd2 Re1 45. Nf3 Red1 46. Rc4 a5 47.
Rc2 Ba6 48. Rb2 Bd3 49. Nd2 Ke6 50. Kg2 Kf6 51. Kf3 Ke5 52. b4 axb4 53. Rxb4 Ra1
54. Rb6 Rxa4 55. Kg2 Ra2 56. f4+ gxf4 57. gxf4+ Ke6 58. Rxc6+ Kd7 59. Rxh6 Rxd2+
60. Bxd2 Be4+ 61. Kg3 Rxd2 62. Kh4 Rc2 63. Kg5 Rxc5 64. h4 Ke7 65. Rh7+ Kf8 66.
h5 Kg8 67. Rd7 Rc6 68. h6 Rc8 69. Kg6 Rc6+ 70. Kg5 Rc1 71. Rd8+ Kf7 72. Rd7+ Ke6
73. Ra7 Rg1+ 74. Kh4 Kf6 75. Ra6+ Kf7 76. Ra7+ Kg8 77. h7+ Kh8 78. Kh5 Rg7 79.
Ra1 Kxh7 80. Ra3 0-1

[Event "Druzynowe Mistrzostwa Polski - II liga"]
[Site "Dom Wczasowy VIS Jastrzebia Gora"]
[Date "1899-12-30"]
[Round "2.124"]
[White "Spyra, Piotr"]
[Black "Wisniewski, Jaroslaw"]
[Result "1-0"]
[WhiteTitle "I"]
[BlackTitle "I"]
[WhiteElo "1901"]
[BlackElo "1829"]

1. e4 g6 2. d4 Bg7 3. Nc3 c5 4. dxc5 Bxc3+ 5. bxc3 Qa5 6. Qd4 Nf6 7. Bd2 Nc6 8.
Qe3 Ng4 9. Qg5 h5 10. h3 Nf6 11. Bd3 h4 12. Nf3 Rh5 13. Qe3 Qxc5 14. Qxc5 Rxc5
15. O-O d5 16. exd5 Nxd5 17. c4 Nb6 18. Be3 Rh5 19. Rab1 Nd7 20. Rfe1 Nde5 21.
Be2 Nxf3+ 22. Bxf3 Ra5 23. Rb2 f6 24. Bd5 Nd8 25. Bd2 Rc5 26. Bb4 Rc7 27. Bc3
Kf8 28. f4 Rb8 29. a4 Bd7 30. Bd4 Nc6 31. Bc5 b6 32. Bf2 Rbc8 33. c5 bxc5 34.
Bxc5 Be8 35. c4 Na5 36. Bb4 Nxc4 37. Rxe7 Rxe7 38. Re2 a5 39. Bxe7+ Kg7 40. Be6
Rc6 41. Bd5 Rc8 42. Re6 Bf7 43. Bxf6+ Kf8 44. Rc6 Rxc6 45. Bxc6 Be8 46. Bxe8 Kxe8
47. Bxh4 Nb6 48. Be1 Nxa4 49. Bxa5 Nc5 50. Kf2 Kf7 51. Ke3 Ke6 52. Bb6 Nd7 53.
Bd4 Kd5 54. g4 Nf8 55. h4 Ke6 56. Ke4 Kf7 57. Kd5 Ne6 58. Be5 Ke7 59. Bb8 Kf7
60. Ke5 Nc5 61. Ba7 Nd7+ 62. Ke4 Nf6+ 63. Kf3 Ke6 64. Bd4 Nd5 65. Ke4 Ne7 66.
Bc5 Ng8 67. g5 Kf7 68. Ke5 Kg7 69. Ke6 Kh8 70. Kf7 Kh7 71. Bb4 Nh6+ 72. gxh6 Kxh6
73. Be7 Kh5 74. Bg5 1-0

[Event "Druzynowe Mistrzostwa Polski - II liga"]
[Site "Dom Wczasowy VIS Jastrzebia Gora"]
[Date "1899-12-30"]
[Round "2.125"]
[White "Szybowicz, Piotr"]
[Black "Malik, Maciej"]
[Result "0-1"]
[WhiteTitle "I++"]
[BlackTitle "I++"]
[WhiteElo "1904"]
[BlackElo "1961"]

1. e4 d6 2. Nf3 Nf6 3. Nc3 g6 4. d4 Bg7 5. Bg5 c6 6. Qd2 Qa5 7. h4 h6 8. Bf4 b5
9. Bd3 Nh5 10. Be3 e5 11. dxe5 dxe5 12. O-O a6 13. a3 Qc7 14. Ne2 Bg4 15. Nh2
Bxe2 16. Bxe2 Nf4 17. Bf3 Nd7 18. a4 Ne6 19. axb5 cxb5 20. Rfd1 Nd4 21. Bxd4 exd4
22. e5 Rc8 23. Rxa6 Nxe5 24. Qb4 Qc5 25. Qxc5 Rxc5 26. Ra8+ Ke7 27. Ra7+ Ke6 28.
Re1 Kd6 29. Bd1 Rc7 30. Ra5 Rb8 31. b3 Kc5 32. Nf3 Nc6 33. Ra6 Nb4 34. Ra3 Kb6
35. Re2 d3 36. cxd3 Rc1 37. Re1 Bb2 38. Ne5 Bxa3 39. Nd7+ Kc7 40. Nxb8 Kxb8 41.
Kh2 Nxd3 42. Re8+ Kc7 43. Bf3 Bd6+ 44. g3 Rc2 45. Be4 Rxf2+ 46. Kg1 Re2 0-1

[Event "Druzynowe Mistrzostwa Polski - II liga"]
[Site "Dom Wczasowy VIS Jastrzebia Gora"]
[Date "1899-12-30"]
[Round "2.126"]
[White "Buchta, Agnieszka"]
[Black "Roclawska, Julia"]
[Result "0-1"]
[WhiteTitle "k"]
[BlackTitle "II"]
[WhiteElo "1893"]
[BlackElo "1243"]

1. e4 e5 2. Nf3 Nc6 3. d4 exd4 4. Bc4 Bc5 5. c3 Nf6 6. e5 d5 7. Bb5 Ne4 8. cxd4
Bb6 9. Nc3 Nxc3 10. bxc3 Bd7 11. Bd3 h6 12. h3 O-O 13. O-O Ne7 14. Nh4 f5 15.
exf6 Rxf6 16. Qh5 Be8 17. Qg4 Bd7 18. Qh5 Be8 19. Qg4 Bd7 20. Qg3 c5 21. Bf4 Nc6
22. Be5 Nxe5 23. dxe5 Rf7 24. Qg6 Qxh4 25. Qh7+ Kf8 26. Qh8+ Ke7 27. Qxa8 c4 28.
Bg6 Bxf2+ 29. Rxf2 Qxf2+ 30. Kh1 Rf8 31. Qxb7 Qb6 32. Qxd5 Qxg6 33. Qc5+ Ke8 34.
Qxa7 Qd3 35. Qb8+ Ke7 36. Qb4+ Kf7 37. Re1 Be6 38. Qb7+ Kg8 39. Qe7 Rf1+ 40. Rxf1
Qxf1+ 41. Kh2 Qf4+ 42. Kg1 Qxe5 43. Qd8+ Kh7 44. Qd2 Qc5+ 45. Kh2 Bf5 46. Qe2
Bd3 47. Qd2 Qa3 48. Kg3 Bb1 49. Qd4 Qxa2 50. Kh2 Qe2 51. Qc5 0-1

[Event "Druzynowe Mistrzostwa Polski - II liga"]
[Site "Dom Wczasowy VIS Jastrzebia Gora"]
[Date "1899-12-30"]
[Round "2.127"]
[White "Majocha, Piotr"]
[Black "Krol, Rafal"]
[Result "0-1"]
[WhiteTitle "I++"]
[BlackTitle "I++"]
[WhiteElo "1975"]
[BlackElo "2003"]

1. d4 Nf6 2. Nf3 e6 3. c4 Bb4+ 4. Nbd2 c5 5. a3 Bxd2+ 6. Qxd2 b6 7. e3 Bb7 8. Be2
d6 9. O-O O-O 10. b4 Nbd7 11. Qc2 Rc8 12. Bb2 cxd4 13. exd4 Be4 14. Qb3 b5 15.
cxb5 Bc2 16. Qe3 Nd5 17. Qd2 Ba4 18. Rfc1 h6 19. Rc6 Rxc6 20. bxc6 Bxc6 21. b5
Bb7 22. a4 N7f6 23. Qe1 Qd7 24. Nd2 Rc8 25. Rc1 Nf4 26. f3 Rxc1 27. Bxc1 Qc7 28.
Nb3 Nxe2+ 29. Qxe2 Bd5 0-1

[Event "Druzynowe Mistrzostwa Polski - II liga"]
[Site "Dom Wczasowy VIS Jastrzebia Gora"]
[Date "1899-12-30"]
[Round "2.128"]
[White "Gondzik, Dawid"]
[Black "Laszewicz, Pawel"]
[Result "0-1"]
[WhiteTitle "k"]
[BlackTitle "k"]
[WhiteElo "2040"]
[BlackElo "1995"]

1. d4 d5 2. c4 dxc4 3. Nc3 a6 4. a4 e5 5. d5 Bb4 6. e4 Qh4 7. Qc2 Nf6 8. Bd2 Bxc3
9. Bxc3 Nbd7 10. Nf3 Qxe4+ 11. Qxe4 Nxe4 12. Bxe5 Nxe5 13. Nxe5 c3 14. b4 O-O
15. Nc4 Re8 16. Be2 Bd7 17. Ne3 Re7 18. O-O Rae8 19. Rfc1 Nxf2 20. Kxf2 Rxe3 21.
Bf3 Rd3 22. Ra3 Rd2+ 23. Kg3 c2 24. Ra2 Bf5 25. b5 g5 26. Ra3 a5 27. h3 Kg7 28.
Rc3 Re7 29. h4 h6 30. hxg5 hxg5 31. Rf1 g4 32. d6 cxd6 33. Bxb7 Bd3 0-1

[Event "Druzynowe Mistrzostwa Polski - II liga"]
[Site "Dom Wczasowy VIS Jastrzebia Gora"]
[Date "1899-12-30"]
[Round "2.129"]
[White "Luba, Lukasz"]
[Black "Lizak, Sebastian"]
[Result "1-0"]
[WhiteTitle "k"]
[BlackTitle "I"]
[WhiteElo "2095"]
[BlackElo "1907"]

1. Nc3 d5 2. d4 g6 3. Bf4 Bg7 4. Qd2 a6 5. Nf3 Nc6 6. Ne5 Nxe5 7. dxe5 c6 8. e4
e6 9. O-O-O Qa5 10. Kb1 Ne7 11. f3 b5 12. exd5 cxd5 13. h4 h5 14. Bd3 b4 15. Ne2
Nc6 16. Qe3 Bb7 17. Nd4 Nxd4 18. Qxd4 Rc8 19. Bg5 Qc5 20. Qf4 a5 21. g4 a4 22.
Bf6 Bxf6 23. exf6 a3 24. Qd4 Qxd4 25. Bb5+ Bc6 26. Bxc6+ Rxc6 27. Rxd4 Rb6 28.
g5 Kd7 29. f4 Rc8 30. Rhd1 Kd6 31. R1d3 axb2 32. Kxb2 Rbc6 33. Rd2 Rb6 34. Kb1
Rc3 35. R2d3 Kc5 36. Kb2 Ra3 37. Rxa3 bxa3+ 38. Kc3 Ra6 39. Rb4 Ra7 40. Rb8 Kd6
41. Kb4 Kc7 42. Rf8 Kd6 43. c3 Kc6 44. Kb3 Kd6 45. Re8 Kc6 46. Re7 Rxe7 47. fxe7
Kd7 48. Kxa3 Kxe7 49. Kb4 f6 50. gxf6+ Kxf6 51. a4 e5 52. a5 e4 53. a6 e3 54.
a7 1-0

[Event "Druzynowe Mistrzostwa Polski - II liga"]
[Site "Dom Wczasowy VIS Jastrzebia Gora"]
[Date "1899-12-30"]
[Round "2.130"]
[White "Dzierzak, Boguslaw"]
[Black "Machlowski, Slawomir"]
[Result "0-1"]
[WhiteTitle "k"]
[BlackTitle "I+"]
[WhiteElo "1958"]
[BlackElo "2005"]

1. e4 e6 2. d4 d5 3. Nd2 h6 4. Bd3 c5 5. dxc5 Bxc5 6. Ngf3 Nc6 7. O-O Nge7 8. c3
a5 9. a4 O-O 10. Nb3 Bb6 11. Qe2 Ng6 12. e5 f5 13. Bd2 Bc7 14. Rfe1 Ncxe5 15.
Nxe5 Nxe5 16. Bb5 Qh4 17. f4 Bb6+ 18. Nd4 Ng4 19. g3 Qf6 20. Kg2 Bxd4 21. cxd4
Qxd4 22. Bc3 Qe4+ 23. Kg1 Qxe2 24. Rxe2 Nf6 25. Bd4 Ne4 26. Rc1 Rf7 27. Rec2 Bd7
28. Rc7 Bc6 29. R1xc6 bxc6 30. Rxc6 Re7 31. Kg2 Kf7 32. Be5 g5 33. Bd4 gxf4 34.
gxf4 Kg6 35. Kf3 Kf7 36. Be5 Rd8 37. Bd4 Ra8 38. Be5 Rb7 39. Bd4 h5 40. Be5 h4
41. Rc1 Rg8 42. Bd4 h3 43. Rc2 Nd6 44. Bf1 Rb3+ 45. Rc3 Rgb8 46. Be5 R8b6 47.
Bd3 Rxc3 48. Bxc3 Ne4 49. Be5 Nd2+ 50. Ke2 Ne4 51. Bb5 Rb7 52. Kd3 Nf2+ 53. Ke2
Ng4 54. Bc3 Nxh2 55. Bxa5 Ng4 56. Kf3 Rb8 57. Bc3 Rg8 58. Kg3 Nf2+ 0-1

[Event "Druzynowe Mistrzostwa Polski - II liga"]
[Site "Dom Wczasowy VIS Jastrzebia Gora"]
[Date "1899-12-30"]
[Round "2.131"]
[White "Szydelko, Michal"]
[Black "Kalkowski, Igor"]
[Result "0-1"]
[WhiteTitle "I++"]
[BlackTitle "I++"]
[WhiteElo "1699"]
[BlackElo "1893"]

1. e4 c5 2. Nf3 g6 3. d4 cxd4 4. Nxd4 Nc6 5. Nc3 Bg7 6. Be3 Nf6 7. Be2 O-O 8. O-O
d5 9. exd5 Nxd5 10. Nxd5 Nxd4 11. Bxd4 Qxd5 12. Bxg7 Qxd1 13. Raxd1 Kxg7 14. Bf3
Bf5 15. Rd2 Rac8 16. c3 b5 17. Rfd1 Rb8 18. Bc6 b4 19. c4 b3 20. Ra1 Rfc8 21.
Bb5 bxa2 22. b3 Bb1 23. Rdxa2 Bxa2 24. Rxa2 Rxb5 0-1

[Event "Druzynowe Mistrzostwa Polski - II liga"]
[Site "Dom Wczasowy VIS Jastrzebia Gora"]
[Date "1899-12-30"]
[Round "2.132"]
[White "Juchniewicz-jasek, Joanna"]
[Black "Trusz, Julia"]
[Result "0-1"]
[WhiteTitle "II"]
[BlackTitle "I++"]
[WhiteElo "1281"]
[BlackElo "1741"]

1. Nf3 Nf6 2. g3 b5 3. b3 e6 4. Bg2 Bb7 5. O-O c5 6. d4 d5 7. dxc5 Bxc5 8. Bb2
Nbd7 9. Nbd2 Qb6 10. e3 O-O 11. Bd4 Qc7 12. Bxc5 Qxc5 13. Ne1 Qc3 14. a3 a5 15.
Ndf3 e5 16. Ra2 b4 17. Kh1 Ba6 18. a4 Bxf1 19. Bxf1 Rac8 20. Ba6 Rc7 21. Nd2 Ne4
22. Nxe4 dxe4 23. Ng2 Nb6 24. Qe2 Rd8 25. h3 Rc5 26. Qg4 Qd2 27. Qxe4 Qxf2 28.
Bd3 g6 29. Kh2 f5 30. Qb7 Rxd3 31. Qxb6 Rd2 32. Qe6+ Kf8 33. Qf6+ Ke8 34. Qe6+
Kd8 35. Qb6+ Rc7 36. Qb8+ Kd7 37. Qb5+ Rc6 38. Qb7+ Kd6 39. Qb8+ Ke6 40. Qe8+
Kd6 41. Qb8+ Kd7 42. Qb7+ Rc7 43. Qb5+ Kc8 44. Qa6+ Kb8 45. Qb5+ Rb7 46. Qxe5+
Ka8 47. Qe8+ Ka7 48. Qc6 Qxe3 49. Ra1 Qc3 50. Qxc3 bxc3 51. Rc1 Re7 52. Kg1 g5
53. Ne1 Re3 0-1

[Event "Druzynowe Mistrzostwa Polski - II liga"]
[Site "Dom Wczasowy VIS Jastrzebia Gora"]
[Date "1899-12-30"]
[Round "2.133"]
[White "Dzhuguryan, Tygran"]
[Black "Palosz, Andrzej"]
[Result "0-1"]
[WhiteTitle "k+"]
[BlackTitle "k"]
[WhiteElo "2177"]
[BlackElo "2023"]

1. d4 Nf6 2. c4 g6 3. Nc3 d5 4. Nf3 Bg7 5. Bg5 Ne4 6. cxd5 Nxg5 7. Nxg5 e6 8. Nf3
exd5 9. e3 O-O 10. b4 c6 11. Qb3 Qe7 12. Be2 Be6 13. O-O Nd7 14. Rac1 f5 15. Rfe1
g5 16. b5 g4 17. Nd2 f4 18. bxc6 bxc6 19. Nd1 f3 20. Bf1 Rab8 21. Qc3 Nf6 22.
Qc5 Qf7 23. Qd6 Rbd8 24. Qa3 Bd7 25. Rb1 Qh5 26. g3 Ne8 27. Rb7 Rf6 28. Qxa7 Bc8
29. Rb8 Rh6 30. h3 gxh3 31. Kh2 Nd6 32. Qc7 Qe8 33. Nxf3 Ne4 34. Ne5 c5 35. Rb6
Rxb6 36. Qxb6 c4 37. Qa5 Rd6 38. Be2 Bxe5 39. dxe5 Qxe5 40. f4 Qg7 41. Rg1 c3
42. Qc7 Qxc7 0-1

[Event "Druzynowe Mistrzostwa Polski - II liga"]
[Site "Dom Wczasowy VIS Jastrzebia Gora"]
[Date "1899-12-30"]
[Round "2.134"]
[White "Mlynarski, Kamil"]
[Black "Maj, Andrzej"]
[Result "0-1"]
[WhiteTitle "I++"]
[BlackTitle "k"]
[WhiteElo "1876"]
[BlackElo "2194"]

1. e4 e6 2. d4 d5 3. Nd2 c5 4. exd5 exd5 5. Ngf3 Nc6 6. dxc5 Bxc5 7. Nb3 Bb6 8.
c3 Nf6 9. Be2 O-O 10. O-O h6 11. Nbd4 Re8 12. Bf4 Ne4 13. Qd3 Bg4 14. Rae1 Qf6
15. Bg3 Nxg3 16. hxg3 Rad8 17. Bd1 Nxd4 18. Nxd4 Bxd1 19. Rxe8+ Rxe8 20. Rxd1
g6 21. Qb5 Qe5 22. a4 Rc8 23. Qd7 Rc4 24. Qxb7 Rxa4 25. Nf3 Qe2 26. Qxd5 Qxf2+
27. Kh1 Qxg3 28. c4 Ra5 29. b4 Rxd5 30. Rxd5 Qf2 31. c5 Bc7 0-1

[Event "Druzynowe Mistrzostwa Polski - II liga"]
[Site "Dom Wczasowy VIS Jastrzebia Gora"]
[Date "1899-12-30"]
[Round "2.135"]
[White "Jaworski, Maciej"]
[Black "Pomagalski, Marcin"]
[Result "0-1"]
[WhiteTitle "k+"]
[BlackTitle "I++"]
[WhiteElo "2086"]
[BlackElo "1884"]

1. d4 d5 2. c4 c6 3. Nc3 Nf6 4. Nf3 a6 5. cxd5 cxd5 6. Bf4 Nc6 7. e3 Bf5 8. Be2
e6 9. O-O Bd6 10. Ne5 Bxe5 11. dxe5 Nd7 12. Qb3 b5 13. Rfd1 Nc5 14. Nxd5 Nxb3
15. Nf6+ gxf6 0-1

[Event "Druzynowe Mistrzostwa Polski - II liga"]
[Site "Dom Wczasowy VIS Jastrzebia Gora"]
[Date "1899-12-30"]
[Round "2.136"]
[White "Pazdzierz, Piotr"]
[Black "Matul, Sebastian"]
[Result "1-0"]
[WhiteTitle "I"]
[BlackTitle "I"]
[WhiteElo "1599"]
[BlackElo "1773"]

1. c4 d6 2. d4 g6 3. g3 Bg7 4. Bg2 Nf6 5. Nc3 O-O 6. e3 Nbd7 7. Nge2 c6 8. O-O
e5 9. b3 Re8 10. Bb2 Qc7 11. d5 a6 12. dxc6 bxc6 13. Ba3 Bf8 14. h3 Bb7 15. g4
Rad8 16. Ng3 Qa5 17. Qc1 d5 18. b4 Qc7 19. g5 d4 20. Nd1 Nh5 21. Nxh5 gxh5 22.
c5 Bg7 23. e4 Nf8 24. Nb2 Ng6 25. Nd3 a5 26. Qc2 Ba6 27. Rfd1 h4 28. Bc1 Bxd3
29. Rxd3 axb4 30. Rb1 Qa5 31. Bd2 Nf4 32. Bxb4 Qc7 33. Ra3 Ra8 34. Rxa8 Rxa8 35.
Bd2 Ne6 36. a4 Bf8 37. a5 Bxc5 38. Bf1 Be7 39. a6 Bxg5 40. Bxg5 Nxg5 41. Rb7 Qc8
42. Qb3 Ne6 43. a7 Rxa7 44. Rxa7 Qd8 45. Qf3 1-0

[Event "Druzynowe Mistrzostwa Polski - II liga"]
[Site "Dom Wczasowy VIS Jastrzebia Gora"]
[Date "1899-12-30"]
[Round "2.137"]
[White "Derejczyk, Mateusz"]
[Black "Skawinski, Szymon"]
[Result "1-0"]
[WhiteTitle "II+"]
[BlackTitle "I"]
[WhiteElo "1597"]
[BlackElo "1641"]

1. e4 e5 2. Nf3 Nc6 3. d4 exd4 4. Nxd4 Nf6 5. Nc3 Bb4 6. Nxc6 bxc6 7. Bd3 d5 8.
exd5 cxd5 9. O-O O-O 10. Bg5 c6 11. Qf3 Bd6 12. h3 Rb8 13. Na4 Rb4 14. b3 h6 15.
Bxf6 Qxf6 16. Qxf6 gxf6 17. c4 f5 18. Rfd1 d4 19. c5 Be5 20. Bc4 Kh8 21. Nb2 f6
22. Nd3 Rb7 23. Re1 Bb8 24. f4 Bc7 25. Ba6 Rb8 26. Bxc8 Rbxc8 27. Re7 Rfe8 28.
Rae1 Rxe7 29. Rxe7 a5 30. Rf7 Bd8 31. Rd7 Bc7 32. Rxd4 Kg7 33. Rd7+ Kg6 34. Kf2
Bb8 35. g3 Re8 36. Nb2 h5 37. h4 Re4 38. Kf3 Rb4 39. Nd3 Re4 40. Rb7 Re8 41. Nb2
Rd8 42. Nc4 a4 43. bxa4 Rd4 44. Nb6 1-0